[Event "Foros Aerosvit"]
[Site "Foros"]
[Date "2007.06.29"]
[Round "11"]
[White "Jakovenko, Dmitrij"]
[Black "Karjakin, Sergey"]
[Result "1/2-1/2"]
[WhiteElo "2708"]
[BlackElo "2686"]
[Annotator "Marin,M"]
[PlyCount "57"]
[EventDate "2007.06.18"]
[EventType "tourn"]
[EventRounds "11"]
[EventCountry "UKR"]
[EventCategory "18"]
[SourceTitle "CBM 119"]
[Source "ChessBase"]
[SourceDate "2007.08.01"]
[SourceVersion "1"]
[SourceVersionDate "2007.08.01"]
[SourceQuality "1"]

1. e4 e5 2. Nf3 Nc6 3. Bb5 a6 4. Ba4 Nf6 5. O-O Be7 6. Re1 b5 7. Bb3 O-O 8. d4
{A common way to avoid the Marshall these days.} Nxd4 ({In many games, Black
agrees to tanspose to the closed Ruy Lopez with} 8... d6 9. c3 Bg4 {However,
Jakovenko is the world's biggest specialist in the variation} 10. Be3 {, which
explains Karjakin's decision.} ({Recently, Jakovenko has also tried} 10. d5 {
against me. The opening was a success for White, but the final result - not.}))
9. Nxd4 exd4 10. e5 Ne8 11. c3 {The most ambitious continuation, in the spirit
of the 19th century. White sacrifices a pawn for the sake of rapid piece
development.} ({For the more modest} 11. Qxd4 {see my notes to Carlsen,M (2693)
-Leko,P (2738)/Dortmund 2007/CBM 119 (1/2-1/2, 29) from this same issue of CBM.
}) 11... dxc3 12. Nxc3 d6 {All the recent theoretical discussions in this
gambit line had this move as a starting point. Black immediately starts the
fight against one of White's main trumps: his far advanced e-pawn, which
disturbs Black's normal development by keeping the knight captive on e8.} ({
The main alternative is} 12... Bb7 {, which has been frequently played in the
past, without a clear conclusion. It is possible that contemporary players
intuitively consider that this move offers White too wide a choice, by
refraining from questioning his supremacy in the centre.} 13. Qd3 (13. Nd5 {
has also been tried.}) 13... c5 14. Bd5 ({In fact,} 14. Bc2 {might be more
dangerous, but there are no relevant examples. In the following game Black
defended in far from the optimal way.} f5 15. exf6 Nxf6 16. Bg5 c4 17. Qh3 h6
$2 18. Bxh6 gxh6 $2 19. Qg3+ Kh8 20. Qg6 {1-0 Bes,R-Weegenaar,B/NED jub25 q
corr9193 1991/Corr Nr. 1}) 14... Bxd5 15. Nxd5 Nc7 16. Nb6 Ra7 17. Be3 d5 18.
exd6 Ne6 19. Rad1 Qxb6 20. dxe7 Rxe7 21. b4 Qc7 $15 {Black has completed his
development in the optimal way and White still has to work in order to win his
pawn back, Romanishin,O (2610)-Tseshkovsky,V (2570)/Ordzhonikidze 1978/EXT
2001 (1/2-1/2, 62)}) 13. Qf3 Be6 14. Bf4 {Another logical move. White
continues developing.} ({In the last game where} 14. Nd5 {was played, Black
managed to hold his own with deceptive ease:} Bxd5 $5 15. Bxd5 Rb8 16. Be3 c5
17. Rad1 Qc7 18. e6 fxe6 19. Bxe6+ Kh8 20. Qh3 g6 21. b4 c4 {Black is not
fully coordinated yet, but his strong c-pawn forces White to be careful.} 22.
Bd5 Bf6 23. Be4 Qf7 24. Bd5 Qc7 25. Be4 Qf7 26. Bd5 {1/2-1/2 Timofeev,A (2657)
-Sutovsky,E (2607)/Montreal 2006}) 14... Bxb3 $146 {Before releasing the
tension in the centre, Black exchanges on b3 in order to avoid being left with
a weak pawn on e6. However, the obvious drawback of this move is that it opens
the a-file for the white queen's rook.} (14... dxe5 15. Bxe5 Bd6 (15... Nf6 16.
Rad1 Qc8 17. Bxe6 fxe6 18. Qc6 Rf7 19. Bxf6 Rxf6 20. Rd7 $14 {Kosintseva,T 
(2479)-Wang Yu A (2390)/Ergun 2006/CBM 113 ext (1-0, 41)}) ({In fact, Black
can play} 15... Bxb3 {here, too, transposing to our main game.}) 16. Rad1 (16.
Bxe6 $1 fxe6 17. Qc6 $44) 16... Bxb3 17. axb3 Nf6 18. Bxd6 cxd6 19. Qc6 Re8 $11
{Polzin,R (2480)-Stern,R (2457)/Germany 2006/EXT 2007 (1/2-1/2, 42)}) 15. axb3
dxe5 16. Bxe5 Bd6 17. Nxb5 $1 {We can see that there is no such thing as the
perfect move order. Not when one is underdeveloped, at least. The open a-file
allows White to win his pawn back and maintain an active position.} (17. Rad1
Nf6 $11 {would transpose above.}) 17... Bxe5 18. Rxe5 Nd6 19. Nd4 $14 {The
mutual queenside weaknesses tend to compensate for each other, but White is
much more active.} Nb5 {This square has become available as a consequence of
White's previous pawn capture.} 20. Nc6 $6 {If White could maintain his knight
on this advanced square, he would maintain a clear advantage, but this will
not be the case.} (20. Nxb5 axb5 21. Rd1 $14 {looks more promissing.} Qb8 (
21... Qf6 22. Qxf6 gxf6 {fails to equalize completely, because of the chronic
weakness of the kingside.} 23. Rxb5 Ra2 (23... Rfd8 24. Rc1 Rd2 25. g3 $14) 24.
g3 Rxb2 25. Rc1 Rc8 26. Rc6 Kg7 27. Rb7 $14 {and Black cannot free himself
easily, while White can try to gradually activate his kingside, starting with
Kg2, etc.}) 22. h4 Ra2 (22... Re8 $6 23. Rd7 $1) 23. h5 h6 (23... Rxb2 24. h6
$40) 24. Qe2 $14 {The uncomfortable situation of his king and White's space
advantage leaves Black struggling.}) 20... Nd4 21. Nxd4 Qxd4 $11 {A draw is
the most probable result now.} 22. Qc3 Qb6 23. Rc5 Ra7 24. Rc1 Rb8 25. Rxc7
Rxc7 26. Qxc7 Qxc7 27. Rxc7 g6 28. Rc3 Rd8 29. g3 (29. g3 Rd2 $11) 1/2-1/2

[Event "Shenzhen Du Te Cup"]
[Site "Shenzhen"]
[Date "2017.04.02"]
[Round "10"]
[White "Harikrishna, Pentala"]
[Black "Ding, Liren"]
[Result "0-1"]
[WhiteElo "2758"]
[BlackElo "2759"]
[Annotator "Marin,M"]
[PlyCount "106"]
[EventDate "2017.03.23"]
[EventType "tourn"]
[EventRounds "10"]
[EventCountry "CHN"]
[EventCategory "21"]
[SourceTitle "CBM 178"]
[Source "ChessBase"]
[SourceDate "2017.05.14"]
[SourceVersion "1"]
[SourceVersionDate "2017.05.14"]
[SourceQuality "1"]

1. e4 e5 2. Nf3 Nc6 3. Bb5 a6 4. Ba4 Nf6 5. O-O Be7 6. Re1 b5 7. Bb3 O-O 8. a4
b4 9. d4 d6 10. dxe5 {It is quite typical for modern theory that such a static
position has been submitted to thorough analytical and practical examination.}
Nxe5 ({Abstractly it makes sense exchanging the knights as Black was defensive
and White's was keeping e5 under pressure. But in practice opinions are
divided. At the top level} 10... dxe5 {is frequently played, too:} 11. Nbd2 Bc5
12. a5 h6 13. h3 (13. Bc4 Bb7 {Chandra,A (2477)-Caruana,F (2795) Saint Louis
2016 CBM 172 [Schulz,A] (0-1, 53)}) 13... Qd6 {Karjakin,S (2779)-Svidler,P 
(2762) Sochi 2016 CBM 173 [CB] (0-1, 56)}) 11. Nxe5 ({I would have no worries
after} 11. Nbd2 {as this looks like a comfortable version of the Pirc/Philidor.
} Nfd7 12. Nd4 c5 ({But maybe this is premature activity. Black could try the
natural} 12... Nc5 $5 {based on the fact that} 13. Bd5 Rb8 14. f4 {fails to
win an exchange due to} Bg4 15. N2f3 Nxf3+ 16. gxf3 Bd7 $13) 13. Nf5 $14 {
Nakamura,H (2772)-Aronian,L (2813) Saint Louis 2013 CBM 157 [Ramirez Alvarez] 
(1-0, 41)}) 11... dxe5 12. Qe2 a5 $5 {An almost new move, played only once
before. Its immediate impact is not obvious, as Black will not play ...Ba6,
and I suspect it is intended more as a useful half-waiting move inviting White
to decide where he develops the bishop and only then defining his own plan.} (
12... Bb7 13. f3 Nh5 14. g3 {Nisipeanu,L (2668)-Sokolov,I (2673) Kemer 2007
CBM 121 [Marin,M] (1-0, 35)}) (12... Bc5 13. Be3 {This may be what Black
intends avoiding with the main game move. Black's dark-squared bishop would be
"bad" only in the endgame while in the middlegame it could become an attacking
piece so Black may wish keeping it.} Qe7 14. Nd2 Bg4 {Caruana,F (2779)
-Fressinet,L (2708) Elancourt 2013 CBM 157 [Stohl,I] (1-0, 39)}) 13. Bg5 $146 (
{The previous game went} 13. Nd2 Bc5 {Now is a good moment for activating the
bishop as White will need some effort exchanging it.} 14. Nc4 Qe7 {This does
not cross White's intentions.} (14... Ng4 $5 15. Ne3 Qf6) ({But} 14... Bg4 15.
Qf1 {[%cal Gc1e3] does not seem to bother White too much.}) 15. Be3 Ba6 16.
Bxc5 Qxc5 17. Qe3 Qxe3 18. Nxe3 Rfd8 19. Rad1 (19. Rac1 $5 $14 {[%cal Gf2f3,
Gc2c3] offered chances to take advantage of the weaknesses created after the
exchange of bishops.}) 19... Kf8 {Ragger,M (2697)-Grandelius,N (2642) Wijk aan
Zee 2017 (½-½ , 130), and Black gradually equalised.}) 13... Bc5 {Now that
White has committed his bishop this move makes sense, even though Black will
need to solve the problem of the pinned knight.} (13... Ba6 {may be better
than it looks and it connects better with the previous move. True, White gains
the control over the light squares but concretely Black seems to be doing fine.
} 14. Bc4 Bxc4 15. Qxc4 Nd7 16. Be3 Bg5 17. Nd2 (17. Bxg5 Qxg5 18. Qxc7 Rfd8 {
offers Black the initiative,}) 17... Bxe3 18. Rxe3 Nb6 19. Qe2 Qe7 {The
knights will soon be exchanged on c4, reducing the importance of the queenside
weaknesses. True, the pawns still look a bit exposed but play will mainly take
place along the d-file, with more or less equal rights.}) 14. Nd2 Bg4 15. Nf3
Qe7 16. h3 Bh5 {The most principled answr.} (16... Be6 17. Bxe6 Qxe6 18. Rad1 {
offers White good play on the light squares.}) (16... Bxf3 17. Qxf3 {is also
risky as White's light-squared bishop is more effective than its rival on the
dark squares, while Black's kingside will inevitably be weakened.}) 17. Rad1 {
In the following short phase both players are a bit indifferent to the plans
g2-g4 and ...g7-g5.} (17. g4 Bg6 18. Nh4 {was stronger, yielding White the
more pleasant play after Nf5. One point is that} Bxe4 $2 {loses material:} 19.
Qxe4 Bxf2+ (19... Nxe4 20. Bxe7 Bxe7 21. Nf5 {[%csl Ge4,Ge7]}) 20. Kg2 Bxe1 21.
Rxe1 $18) 17... Rad8 ({Black could also have started kingside operations with} 
17... h6 18. Bh4 g5 19. Bg3 Rad8 $13) 18. g4 {Finally.} Bg6 19. h4 ({After the
insertion of the rook moves} 19. Nh4 {does not work out so well anymore.} Rxd1
20. Rxd1 (20. Qxd1 Bd4) 20... Bxe4 $1 (20... Bd4 21. Nxg6 hxg6 22. Kg2 Bxb2 23.
Qa6 $14) 21. Qxe4 Nxe4 22. Bxe7 Bxe7 {The difference is that the e4-knight is
not hanging any more.}) 19... h6 {This is likely to doom the bishop to
passivity.} ({The principled answer is} 19... h5 $5 {when Black seems to be
holding his own:} 20. Nh2 Rfe8 21. Bxf6 (21. gxh5 Bxh5 22. Qxh5 Nxh5 23. Bxe7
Bxe7) 21... Qxf6 22. gxh5 Bh7 23. Qf3 Qxh4 24. Bxf7+ Kh8 25. Bxe8 Rxd1 26. Rxd1
Bxe4 27. Qe2 Qg3+ 28. Kf1 Qxh2 29. Ke1 Qg1+ 30. Kd2 Qg5+ $11) 20. h5 Bh7 21.
Bh4 Rd6 22. Rxd6 cxd6 23. Nd2 {The position has stabilised to White's favour
as the h7-bishop is cut off from the play. But Harikrishna will soon fail to
maintain his stability.} Kh8 (23... Bd4 24. Kg2 Bxb2 25. Nc4 Bc3 26. Rd1 Bd4
27. Nxa5 $14) 24. Qf3 $2 {Winter,W-Capablanca,J Victory Congress 1Chief
Tournament 1919 (5) 0-1 A natural move, hoping to provoke ...gxf6 after which
the h7-bishop would be buried alive forever, but at the same time a major
blunder, turning a better position into a lost one. Harikrishna probably
dreamt of a similar structure to that in} (24. Kg2 {It was essential to
prepare f2-f3 to stabilise the kingside.} g5 (24... Bd4 25. Rd1 g5 26. Bg3 Bxb2
27. Nc4 Bd4 28. f3 {[%csl Ga5]} Ra8 29. Rxd4 $1 exd4 30. Nxd6 Rf8 31. Qc4 {
with overwhelming activity for the exchange and a passive bishop on h7.}) 25.
Bg3 $14 {White threatens to stabilise things with f2-f3 and Black cannot get
sufficient counterplay by forcing matters:} Bd4 26. Rd1 Bxb2 27. Nc4 Nxe4 (
27... Bd4 28. Rxd4 exd4 29. Bxd6 $16 Qd8 30. Bxf8 Qxf8 31. f3) (27... Bc3 28.
Nxd6 $18) 28. Nxb2 Nc3 $14 {Black has managed to slightly complicate matters
but White's minor pieces are stronger than the rook.}) 24... g5 $1 25. Bg3 (25.
hxg6 fxg6 {[%csl Gf2,Gg4]} 26. Qh3 Qd7 27. Bxf6+ Rxf6 $40) 25... Kg7 $1 $19 {
Suddenly White cannot avoid losing either g4 or e4.} 26. Nc4 Qb7 27. Qd3 Nxe4
28. Nxa5 Qc7 29. Rxe4 {A desperate counterattack, which does not offer White
adequate compensation.} Qxa5 30. Qd5 Bxe4 31. Qxe4 Bd4 32. Qf5 Qc5 33. a5 Qxa5
34. c3 {Nice but insufficient. Ironically, it is White who has a passive
bishop now on g3.} bxc3 35. Bc2 Rh8 36. Bb3 Qc7 37. bxc3 Bxc3 38. Bd5 Bd4 {
Black's material advantage is decisive of course, but White has some sort of
stability making the technical process long.} 39. Kg2 Qe7 40. Qe4 Qf6 41. f3
Rb8 42. Kh3 Rb2 43. Bc4 Bf2 44. Bh2 Rb4 45. Kg2 Be3 46. Bg3 Bc5 47. Bh2 Rb2+
48. Kh3 Rf2 49. Be2 d5 50. Qd3 e4 51. Qxd5 Rxf3+ 52. Kg2 (52. Bxf3 Qxf3+ 53.
Bg3 Qh1+ 54. Bh2 Qf1+ 55. Kg3 Bf2#) 52... Rf2+ 53. Kh3 Rxh2+ 0-1

[Event "Morelia/Linares 24th"]
[Site "Morelia/Linares"]
[Date "2007.03.04"]
[Round "10"]
[White "Ivanchuk, Vassily"]
[Black "Svidler, Peter"]
[Result "1/2-1/2"]
[WhiteElo "2750"]
[BlackElo "2728"]
[Annotator "Marin,M"]
[PlyCount "87"]
[EventDate "2007.02.17"]
[EventType "tourn"]
[EventRounds "14"]
[EventCountry "ESP"]
[EventCategory "20"]
[SourceTitle "CBM 117"]
[Source "ChessBase"]
[SourceDate "2007.03.30"]
[SourceVersion "1"]
[SourceVersionDate "2007.03.30"]
[SourceQuality "1"]

1. e4 e5 2. Nf3 Nc6 3. Bb5 a6 4. Ba4 Nf6 5. O-O Be7 6. Re1 b5 7. Bb3 O-O 8. h3
Bb7 9. d3 Re8 10. a4 h6 11. axb5 axb5 12. Rxa8 Bxa8 13. c3 d6 14. Na3 b4 15.
Nc4 Bf8 16. Bd2 bxc3 17. bxc3 Nb8 18. Ne3 Nbd7 19. Ng4 Nc5 20. Bc4 Nxg4 21.
hxg4 d5 {After thorough preparation, Black finally plays the move that is
characteristic for the Marshall Attack. The similarity induced by the fact
that the e5-pawn is hanging here too is rather feeble. After capturing that
pawn, it will be White who will have to sacrifice material soon.} 22. exd5 Bxd5
23. Rxe5 Rxe5 24. Nxe5 Bxc4 25. dxc4 Ne4 26. Qf3 ({There is no way back. If} 
26. Nf3 $2 {then} Bc5 $1 {with advantage for Black.}) 26... Nxd2 27. Qxf7+ Kh7
28. Qf5+ Kg8 29. Qe6+ Kh7 30. Qg6+ Kg8 31. Qe6+ Kh7 32. Qg6+ Kg8 33. Qf7+ Kh7
34. Nd7 {Since the perpetual is always there, White can play for a while, in
spite of his material defficit.} Ba3 35. c5 Kh8 36. g5 hxg5 37. Qe6 Ne4 38.
Qh3+ Kg8 39. Qe6+ Kh8 40. Qxe4 Qxd7 41. Qa8+ Kh7 42. Qxa3 {Finally, White
recuperated the sacrificed material with interest, but now it is Black's turn
to force a draw by perpetual.} Qd1+ 43. Kh2 Qh5+ 44. Kg1 1/2-1/2

[Event "Morelia/Linares 24th"]
[Site "Morelia/Linares"]
[Date "2007.03.09"]
[Round "13"]
[White "Anand, Viswanathan"]
[Black "Leko, Peter"]
[Result "1/2-1/2"]
[WhiteElo "2779"]
[BlackElo "2749"]
[Annotator "Marin,M"]
[PlyCount "51"]
[EventDate "2007.02.17"]
[EventType "tourn"]
[EventRounds "14"]
[EventCountry "ESP"]
[EventCategory "20"]
[SourceTitle "CBM 117"]
[Source "ChessBase"]
[SourceDate "2007.03.30"]
[SourceVersion "1"]
[SourceVersionDate "2007.03.30"]
[SourceQuality "1"]

1. e4 e5 2. Nf3 Nc6 3. Bb5 a6 4. Ba4 Nf6 5. O-O Be7 6. Re1 b5 7. Bb3 O-O 8. h3
Bb7 9. d3 Re8 10. Nc3 h6 11. Nd5 Na5 12. Nxe7+ Qxe7 13. Nh4 Nxb3 14. Nf5 Qe6
15. axb3 {For the second time in a row, Anand treats the Anti-Marshall in a
peaceful way.} d5 {Black is better developed and will have little trouble
extinguishing White's light initiative on the kingside.} 16. Qf3 dxe4 17. dxe4
Kh7 18. Qg3 Rg8 19. f3 Ne8 20. Bd2 Nd6 21. Ne3 {The exchange of knights would
have led to an obvious draw in view of the presence of opposite coloured
bishops.} Bxe4 {This trick has more of an aesthetic valuea, because White can
get the pawn back with his next move.} 22. Bc3 ({Remarkably, White cannot
defend both his attacked pieces after} 22. fxe4 $2 Nxe4) 22... Bg6 23. Qxe5
Qxe5 24. Bxe5 Rgd8 25. g4 f6 26. Bg3 1/2-1/2

[Event "Moscow Tal Memorial 1st"]
[Site "Moscow"]
[Date "2006.11.14"]
[Round "7"]
[White "Ponomariov, Ruslan"]
[Black "Aronian, Levon"]
[Result "1/2-1/2"]
[WhiteElo "2703"]
[BlackElo "2741"]
[Annotator "Marin,M"]
[PlyCount "49"]
[EventDate "2006.11.06"]
[EventType "tourn"]
[EventRounds "9"]
[EventCountry "RUS"]
[EventCategory "20"]
[SourceTitle "CBM 116"]
[Source "ChessBase"]
[SourceDate "2007.02.01"]
[SourceVersion "1"]
[SourceVersionDate "2007.02.01"]
[SourceQuality "1"]

1. e4 e5 2. Nf3 Nc6 3. Bb5 a6 4. Ba4 Nf6 5. O-O Be7 6. Re1 b5 7. Bb3 O-O 8. a4
b4 9. a5 d5 {Although White has not weakened the d3-square, Aronian plays in
the spirit of the Marshall attack. The ground for such a daring action is that
White has remained far behind in development by advancing his a-pawn.} ({
In fact, the more restrained} 9... d6 {is entirely playable as well.} 10. d4 (
10. h3 Be6 11. d4 Nxd4 12. Nxd4 exd4 13. Qxd4 c5 14. Qd3 d5 15. exd5 Nxd5 16.
Nd2 Nc7 17. Qg3 Bh4 18. Qf3 Nb5 $11 {Hjartarson,J (2430)-Smyslov,V (2600)/
Copenhagen 1985/MCD (1/2-1/2, 32)}) 10... Nxd4 (10... Bg4 11. dxe5 Nxe5 12.
Nbd2 Nfd7 13. h3 Bh5 14. g4 Bg6 15. Nxe5 dxe5 16. Bd5 Rb8 17. Nc4 Bc5 $11 {
Nunn,J (2575)-Kortschnoj,V (2635)/Zuerich 1984/MCD (1/2-1/2, 35)}) 11. Nxd4
exd4 12. Qxd4 Rb8 13. Bg5 h6 14. Bh4 Ng4 15. Bxe7 Qxe7 16. Nd2 Be6 $11 {
Klinger,J-Hort,V/Biel 1986.}) 10. exd5 e4 $5 {This is a deviation from the
typical Marshall Attack scenario.} ({In case of} 10... Nxd5 11. Nxe5 Nxe5 12.
Rxe5 c6 13. d3 Bd6 14. Re1 {the fact that the d3-square is securely defended
might help White repell the attack.}) 11. dxc6 exf3 12. d3 $146 {The safest
continuation. White has to continue his development at any cost.} ({After} 12.
Qxf3 Bg4 {White has a hard time finding an adequate square for the prematurely
queen.} 13. Qd3 (13. Qe3 Re8) (13. Qf4 Bd6) 13... Qxd3 14. cxd3 Bc5 $15 {
Baramidze,D (2550)-Graf,A (2637)/Altenkirchen 2005/CBM 106 (0-1, 24)}) ({
Copmared to the game continuation,} 12. d4 {exposes the d-pawn too early,
restricting the active possibilities of the own queen.} fxg2 13. Bg5 Nd5 14.
Bxe7 Nxe7 15. d5 Ng6 16. Nd2 Nf4 17. Re3 (17. Qf3 Nh3+ 18. Kxg2 Qg5+ $19 {
Suetin}) 17... Qg5 18. Rg3 Qe5 $36 {Suetin,A-Zaitsev,I/USSR 1983 (1-0, 25)})
12... fxg2 13. Qf3 {Now that the g2-square has become available and the d-pawn
is not hanging, this move is playable.} Rb8 {[%cal Yb8b5]} 14. Bc4 Ne8 15. Bf4
Bf6 16. Nd2 {Usually, time ismore important than pawns in such position.} (16.
Ra2 Nd6 $44 {[%csl Gc4]}) 16... Bxb2 (16... Nd6 $6 {is bad now because of} 17.
Bxd6 Qxd6 18. Ne4 $16) 17. Rab1 Bc3 {White has completed his development and
avoided immediate dangers. Now, he starts active operations already.} 18. Bg5
$5 Bf6 (18... Qxg5 $2 19. Qxf7+ $1 $18) 19. Rxe8 Rxe8 20. Ne4 {White's
pressure becomes annoying...} Rxe4 $1 {Wisely liquidating to an equal endgame.}
(20... Bxg5 $2 21. Nxg5 $36 {[%csl Yf7,Yh7]}) 21. Bxf6 Qxf6 22. Qxf6 gxf6 23.
dxe4 Kf8 24. Kxg2 Ke7 25. Rd1 1/2-1/2